00430nam a22001457a 450000500170000000800410001702000160005804100120007408200120008610000120009824500780011026000460018830000250023465000250025920240809065637.0240809b |||||||| |||| 00| 0 eng d a070215105 X aEnglish a349 SOU lEnglish aJuta's Index and Annotations to the South African Law Reports 1993 - 1998 aCape Town: bJuta and Company Ltd, c1999 b1430 pages;c25 cm.  aLegal practice bLaw